Village surveyed (Record no. 1441778)

MARC details
000 -LEADER
fixed length control field 00521nam a2200181Ia 4500
005 - DATE AND TIME OF LATEST TRANSACTION
control field 20250923144649.0
008 - FIXED-LENGTH DATA ELEMENTS--GENERAL INFORMATION
fixed length control field 008 250917s9999 xx 000 0 eng d
037 ## - SOURCE OF ACQUISITION
Stock number Textual
040 ## - CATALOGING SOURCE
Original cataloging agency DSWL
Language of cataloging eng
Transcribing agency DSWL
041 ## - LANGUAGE CODE
Language code of text/sound track or separate title eng
Source of code eng
084 ## - COLON CLASSIFICATION NUMBER
Classification number Y131u3C:N4, H8
Assigning agency DSWL
100 ## - MAIN ENTRY--PERSONAL NAME
Personal name Stewart, Cecil
9 (RLIN) 827135
245 #0 - TITLE STATEMENT
Title Village surveyed
Statement of responsibility, etc. by Cecil Stewart
260 ## - PUBLICATION, DISTRIBUTION, ETC.
Place of publication, distribution, etc. London
Name of publisher, distributor, etc. Edward Arnold & Co.
Date of publication, distribution, etc. 1948
300 ## - PHYSICAL DESCRIPTION
Extent 172p.
942 ## - ADDED ENTRY ELEMENTS (KOHA)
Koha item type Textual
Classification part Y131u3C:N4, H8
Holdings
Withdrawn status Lost status Damaged status Not for loan Home library Current library Date acquired Total Checkouts Full call number Barcode Date last seen Price effective from Koha item type
        Department of Social Work Library Department of Social Work Library 2025-09-23   Y131u3C:N4, H8 SW0006213 2025-09-23 2025-09-23 Textual
Copyright @ Delhi University Library System